000 00710nam a22002172 4500
001 0000011889
005 20151217152102.0
008 090119s xx 000 0 eng d
020 _a0199215232 :
040 _aKABU
_cKABU
245 1 0 _aEconomics and happiness :
_bframing the analysis /
_c edited by Luigino Bruni and Pier Luigi Porta.
250 _apaperback ed.
260 _aOxford :
_bO. U. P.,
_c2007.
300 _axii, 366 p.
650 0 _aEconomics
_xPsychological aspects.
_@0000150169
650 0 _aHappiness
_xEconomics aspects.
_@0000167932
700 1 _aPorta, Pier Luigi.
_@0000167933
852 1 _9p3050 KES
908 _a090119
950 _@1
999 _c8080
_d8080